| 000 | 01262cam a2200265 4500 | ||
|---|---|---|---|
| 008 | 020816n2002 000 0 eng u | ||
| 020 | _a1842191063 | ||
| 022 | _a14784971 | ||
| 035 | _a(Sirsi) u119358 | ||
| 050 | _a711.4 | ||
| 100 | _aSatterthwaite, D. | ||
| 245 | _aCoping with rapid urban growth | ||
| 260 |
_aLondon _bRICS _c2002 |
||
| 300 |
_a33p. _bill. _c30cm. |
||
| 490 | _aRICS Leading Edge Series | ||
| 520 | _aReport showing that, contrary to predictions, more people worldwide continue to live in rural than urban areas and that, although they continue to grow at a rapid rate, many cities are coping well with such growth and that urban living standards are generally higher than elsewhere. Concludes that the key to success lies much more in good local government and planning, than it does in central government. | ||
| 650 | _aCITIES | ||
| 650 | _aSUSTAINABLE DEVELOPMENT | ||
| 650 | _aURBAN GROWTH | ||
| 690 | _aDEVELOPMENT-SUSTAINABLE | ||
| 710 |
_aRoyal Institution of Chartered Surveyors _bPlanning and Development Faculty _94351 |
||
| 710 |
_aRoyal Institution of Chartered Surveyors _94900 |
||
| 856 |
_uhttps://www.rics.org/site/scripts/download_info.aspx?downloadID=2655 _zView report on the RICS website... |
||
| 942 | _n0 | ||
| 999 |
_c102290 _d102290 |
||